000 00310nam a2200133Ia 4500
005 20251222155115.0
008 251222s9999||||xx |||||||||||||| ||spa||
082 _aESC. 26
100 _aSILANO V.
245 0 _aEvaluación de Riesgos Salud Pública
250 _a2da. ed.
264 _bOPS/OMS
942 _cLIB
999 _c38189
_d38189